000 00566nam a2200193Ia 4500
005 20260120124645.0
008 008 260114s9999 xx 000 0 eng d
020 _a9780444820723
037 _aEBOOK
040 _aCRL
_beng
_cCRL
041 _aeng
_2eng
084 _qCRL
245 0 _aEconomics of Crime: Deterrence and the Rational Offender
260 _bEmerald Publishing
_c1994
700 _aE. Eide
_9908909
856 _uhttps://www.emerald.com/insight/publication/doi/10.1108/S0573-8555(1994)227
942 _cEBOOK
999 _c1500823
_d1500823